000 00556cam a2200217ua 4500
001 11927
008 190314n II |||gr||||Z||||||eng
040 _aMAIN
041 _aEnglish
041 _aeng
082 _a510 SAR
100 _aSARMAH,J.N.,
_eAUTHOR.
245 _aVECTOR ANALYSIS
250 _a19TH.
260 _aMEERUT
_bKRISHNA PRAKASHAN MANDIR
_c1991-92
300 _a168:
_c20CM.
500 _aDonated by Paran Bhuyan , Melachakar, Sibsagar on 11.03.2019
653 _aMathematics
700 _aVASISTHA, A.R.,
_eAUTHOR.
942 _cBK
999 _c11892
_d11892